[Event "31. DSenEM2018-Gruppe-65"]
[Site "Radebeul"]
[Date "2019.04.27"]
[Round "2.48"]
[White "Krüger, Bernhard"]
[Black "Schmidt, Jörg"]
[Result "1/2-1/2"]
[BlackElo "2016"]
[BlackTeam "Aufbau Bernburg"]
[EventDate "2019.??.??"]
[PlyCount "57"]
[WhiteElo "1717"]
[WhiteTeam "SC Grunbach"]

1. c4 e5 2. Nc3 Nc6 3. g3 g6 4. Bg2 Bg7 5. e3 Nge7 6. Nge2 O-O 7. d4 d6 8. O-O
f5 9. d5 Na5 10. b3 b6 11. Bd2 Bd7 12. Rc1 Nb7 13. b4 a5 14. a3 h6 15. f4 Rb8
16. Qc2 Kh7 17. Nd1 c6 18. e4 cxd5 19. exd5 e4 20. Bc3 Rf7 21. Ne3 axb4 22.
axb4 Rc8 23. Bxg7 Rxg7 24. Qb2 b5 25. Rfd1 bxc4 26. Rxc4 Qb6 27. Rcd4 Nc5 28.
Nc4 Nd3 29. Nxb6  1/2-1/2

[Event "31. DSenEM2018-Gruppe-65"]
[Site "Radebeul"]
[Date "2019.04.27"]
[Round "2.49"]
[White "Haase, Wolfgang"]
[Black "Meißner, Werner"]
[Result "1-0"]
[BlackElo "1665"]
[BlackTeam "SV TuR Dresden"]
[EventDate "2019.??.??"]
[PlyCount "49"]
[WhiteElo "2013"]
[WhiteTeam "SVG Caissa Kassel"]

1. Nf3 d5 2. d4 Nf6 3. Bf4 Nbd7 4. e3 e6 5. Nbd2 Bd6 6. Bd3 Bxf4 7. exf4 c5 8.
c3 c4 9. Bc2 Nf8 10. Ne5 N6d7 11. Qh5 Qf6 12. a3 Nxe5 13. fxe5 Qe7 14. f4 Bd7
15. O-O O-O-O 16. b3 b5 17. a4 a6 18. axb5 cxb3 19. Bd3 Bxb5 20. Bxb5 axb5 21.
Nxb3 Qb7 22. Nc5 g6 23. Qe2 Qb8 24. Rfb1 Nd7 25. Rxb5  1-0

[Event "31. DSenEM2018-Gruppe-65"]
[Site "Radebeul"]
[Date "2019.04.27"]
[Round "2.50"]
[White "Fleuch, Hans-Jürgen"]
[Black "Portsch, Claudius"]
[Result "1-0"]
[BlackElo "1659"]
[BlackTeam "BSV Chemie Radebeul"]
[EventDate "2019.??.??"]
[PlyCount "49"]
[WhiteElo "1956"]
[WhiteTeam "SV Urmitz"]

1. f4 d6 2. Nf3 Nf6 3. Nc3 g6 4. e4 Bg7 5. Be2 Nc6 6. d4 a6 7. O-O O-O 8. a4 Bd7
9. d5 Nb8 10. Nd4 e6 11. dxe6 fxe6 12. Bc4 d5 13. exd5 exd5 14. Nxd5 Kh8 15.
Nxf6 Qxf6 16. c3 Nc6 17. Nxc6 Bxc6 18. Qe2 Rae8 19. Qf2 Re7 20. Be3 Rfe8 21.
Bd4 Qf8 22. Bxg7+ Qxg7 23. Qc5 Rd7 24. Rae1 Rd2 25. Qxc6  1-0

[Event "31. DSenEM2018-Gruppe-65"]
[Site "Radebeul"]
[Date "2019.04.27"]
[Round "2.51"]
[White "Schulz, Michael"]
[Black "Deak-Willimsky, Emanuela"]
[Result "1-0"]
[BlackElo "1506"]
[BlackTeam "SF Furtwangen-Vöhrenbach"]
[EventDate "2019.??.??"]
[PlyCount "73"]
[WhiteElo "2183"]
[WhiteTeam "SC Zitadelle Spandau"]

1. d4 g6 2. e4 d6 3. Nc3 a6 4. h4 h6 5. h5 g5 6. f4 g4 7. Be2 f5 8. Bd3 e6 9.
Nge2 Bg7 10. Be3 Ne7 11. Bf2 O-O 12. Bh4 Qe8 13. Bxe7 Qxe7 14. exf5 exf5 15.
Nd5 Qd8 16. c3 c6 17. Ne3 d5 18. Qc2 Qf6 19. Ng3 Qd6 20. O-O b6 21. Nexf5 Bxf5
22. Nxf5 Qf6 23. Rae1 Nd7 24. Ne7+ Kh8 25. Ng6+ Kg8 26. Nxf8 Nxf8 27. g3 c5 28.
dxc5 bxc5 29. Kh2 Qf7 30. Bg6 Nxg6 31. hxg6 Qf6 32. Rf2 h5 33. Re5 h4 34. Rxd5
Bf8 35. Qf5 hxg3+ 36. Kxg3 Kg7 37. Qh5  1-0

[Event "31. DSenEM2018-Gruppe-65"]
[Site "Radebeul"]
[Date "2019.04.27"]
[Round "2.52"]
[White "Hülle, Gunter"]
[Black "Höhne, Peter"]
[Result "0-1"]
[Annotator "lenovo"]
[BlackElo "1925"]
[BlackTeam "SG Hohndorf"]
[EventDate "2019.??.??"]
[PlyCount "60"]
[WhiteElo "1736"]
[WhiteTeam "SV Springer Leipzig"]

1. b4 e5 2. Bb2 d6 3. e3 f5 4. f4 g6 5. Nf3 Bg7 6. fxe5 dxe5 7. Bc4 Nh6 8. d3
Ng4 9. Qe2 Qe7 10. a3 e4 11. Nd4 exd3 12. cxd3 Nxe3 13. Ra2 Bxd4 14. Bxd4 Qh4+
15. Kd2 { ( = )}  15... Qxd4 16. Qxe3+ Qxe3+ 17. Kxe3 Nd7 18. d4 Nb6 19. Bb3
Bd7 20. Kf4 O-O-O 21. Rd2 Rde8 22. Nc3 h6 23. Bf7 g5+ 24. Kf3 Re7 25. Bh5 g4+
26. Kf4 Rg8 27. Re2 Nd5+ 28. Nxd5 Rxe2 29. Nf6 Rg5 30. Bf7 Rxg2 { ( Zeit )}  
0-1

[Event "31. DSenEM2018-Gruppe-65"]
[Site "Radebeul"]
[Date "2019.04.27"]
[Round "2.53"]
[White "Fleischer, Matthias"]
[Black "Möws, Harald"]
[Result "1/2-1/2"]
[Annotator "lenovo"]
[BlackElo "1737"]
[BlackTeam "SV Einheit Schwerin"]
[EventDate "2019.??.??"]
[PlyCount "20"]
[WhiteElo "1923"]
[WhiteTeam "SV Einheit Schwerin"]

1. d4 e6 2. Nf3 g6 3. e3 Bg7 4. c4 Nf6 5. Nc3 a6 6. Bd3 d6 7. O-O O-O 8. Re1
Nbd7 9. e4 e5 ( 9... c5 10. e5 dxe5 11. dxe5 )10. dxe5 dxe5  1/2-1/2

[Event "31. DSenEM2018-Gruppe-65"]
[Site "Radebeul"]
[Date "2019.04.27"]
[Round "2.54"]
[White "Kurpiela, Franz"]
[Black "Ehlert, Joachim"]
[Result "1-0"]
[BlackElo "1918"]
[BlackTeam "SV Lok Dresden"]
[EventDate "2019.??.??"]
[PlyCount "131"]
[WhiteElo "1731"]
[WhiteTeam "TSG Öhringen"]

1. e4 c5 2. Nc3 e6 3. Nf3 Nc6 4. Bb5 Nge7 5. d3 a6 6. Ba4 b5 7. Bb3 Bb7 8. O-O
Na5 9. Be3 Ng6 10. Nd2 d5 11. exd5 exd5 12. Qe2 Be7 13. Bxc5 O-O 14. Bxe7 Nxe7
15. Rfe1 Ng6 16. d4 Qd7 17. Qf3 Nc4 18. Nf1 Rfd8 19. Rab1 a5 20. a3 Re8 21.
Rxe8+ Rxe8 22. g3 Bc6 23. h4 Qh3 24. Bxc4 Nxh4 25. Qh1 Qxh1+ 26. Kxh1 dxc4+ 27.
d5 Bb7 28. gxh4 b4 29. axb4 axb4 30. Na2 Bxd5+ 31. Kg1 b3 32. cxb3 cxb3 33. Nc3
Bc4 34. Ne3 Bd3 35. Rd1 Bg6 36. Na4 h5 37. Nc5 Bc2 38. Rc1 Re5 39. Nd7 Re4 40.
Ng2 Rg4 41. Ne5 Re4 42. Nf3 Ra4 43. Nfe1 Bf5 44. Ne3 Be6 45. Nd3 Rxh4 46. Nc5
g5 47. Nxe6 fxe6 48. Rc3 Rb4 49. Rc7 h4 50. Kg2 Rf4 51. Rb7 h3+ 52. Kxh3 Rxf2
53. Rxb3 Kg7 54. Kg3 Rd2 55. Kg4 Kf6 56. Rb5 Rd4+ 57. Kg3 Rd3 58. Kf2 Rd4 59.
b3 Rh4 60. Kg3 Rd4 61. Ng4+ Kg6 62. Ne5+ Kf6 63. Nf3 Rd3 64. Kg4 e5 65. Rb6+
Ke7 66. Nxe5  1-0

[Event "31. DSenEM2018-Gruppe-65"]
[Site "Radebeul"]
[Date "2019.04.27"]
[Round "2.55"]
[White "Scharff, Klaus"]
[Black "Kundt, Günther"]
[Result "1-0"]
[BlackElo "1736"]
[BlackTeam "SSC Graal-Müritz"]
[EventDate "2019.??.??"]
[PlyCount "33"]
[WhiteElo "1918"]
[WhiteTeam "SV Opladen"]

1. Nf3 e6 2. d3 d5 3. g3 Nf6 4. Bg2 Be7 5. Nbd2 O-O 6. O-O d4 7. e4 dxe3 8. fxe3
c5 9. h3 Nc6 10. g4 h6 11. a3 e5 12. e4 Be6 13. b3 Qc7 14. Nc4 Nd7 15. Ne3 g6
16. Nd5 Kg7 17. Nxc7  1-0

[Event "31. DSenEM2018-Gruppe-65"]
[Site "Radebeul"]
[Date "2019.04.27"]
[Round "2.56"]
[White "Gabriel, Rolf"]
[Black "Wolke, Reimund"]
[Result "1-0"]
[BlackElo "1916"]
[BlackTeam "Hamburger SK"]
[EventDate "2019.??.??"]
[PlyCount "93"]
[WhiteElo "1726"]
[WhiteTeam "SV Ottendorf-Okrilla"]

1. d4 Nf6 2. c4 g6 3. Nc3 d5 4. cxd5 Nxd5 5. e4 Nxc3 6. bxc3 Bg7 7. Be3 O-O 8.
Nf3 c5 9. Qb3 Nc6 10. Rd1 Qa5 11. Bc4 cxd4 12. Nxd4 Ne5 13. Be2 Bd7 14. O-O
Rfc8 15. Rc1 a6 16. f4 Nc6 17. Bc4 e6 18. Qxb7 Qd8 19. Qb1 Na5 20. Bd3 Nc4 21.
Bxc4 Rxc4 22. Rfd1 Qc7 23. Rd3 Rc8 24. Qb2 Rb8 25. Qf2 Ba4 26. e5 Bf8 27. Bd2
Ba3 28. Ra1 Rd8 29. Qf3 Rc8 30. Rb1 Bc5 31. Rb7 Qa5 32. Qe2 Bc6 33. Rb2 Qc7 34.
Kf1 Bd5 35. Ke1 Ba3 36. Rb1 Rb8 37. Rxb8+ Qxb8 38. Be3 Bb2 39. Bd2 Ra4 40. Qf2
Bc4 41. Nc6 Rxa2 42. Qh4 Ra1+ 43. Kf2 Qb6+ 44. Be3 Qxc6 45. Rd8+ Kg7 46. Qf6+
Kh6 47. f5+  1-0

[Event "31. DSenEM2018-Gruppe-65"]
[Site "Radebeul"]
[Date "2019.04.27"]
[Round "2.58"]
[White "Pöltelt, Helmut"]
[Black "Nosek, Reinhard"]
[Result "0-1"]
[BlackElo "1913"]
[BlackTeam "SF Torgau"]
[EventDate "2019.??.??"]
[PlyCount "126"]
[WhiteElo "1711"]
[WhiteTeam "SC Eintracht Berlin"]

1. e4 c5 2. Nf3 d6 3. d4 cxd4 4. Nxd4 Nf6 5. Nc3 e5 6. Ndb5 a6 7. Na3 Be7 8. Bg5
b5 9. Bxf6 gxf6 10. Nd5 f5 11. Nxe7 Qxe7 12. exf5 Bxf5 13. Qd5 Ra7 14. O-O-O
Qg5+ 15. Qd2 Qxd2+ 16. Rxd2 Ke7 17. Bd3 Bxd3 18. Rxd3 Nc6 19. c3 Rg8 20. g3 Rc7
21. Kb1 Ke6 22. Rhd1 Rd7 23. c4 b4 24. Nc2 h5 25. b3 h4 26. Kb2 a5 27. a3 f5
28. axb4 axb4 29. Rd5 Rg4 30. Rb5 Re4 31. Rd2 f4 32. Nxb4 Nd4 33. Rb6 Nf3 34.
Rc2 Rc7 35. Nd5 Rc5 36. Rb7 Ne1 37. g4 Rxd5 38. cxd5+ Kf6 39. Rcc7 Re2+ 40. Kb1
e4 41. Rf7+ Ke5 42. Rf5+ Kd4 43. Rb4+ Kc3 44. Rc4+ Kxb3 45. Rc6 Rb2+ 46. Kc1
Nd3+ 47. Kd1 Nxf2+ 48. Ke1 Nd3+ 49. Kf1 Rf2+ 50. Kg1 f3 51. Rf8 Rg2+ 52. Kf1
Rxg4 53. Rb8+ Nb4 54. Rcb6 e3 55. Rxd6 Rd4 56. Rxb4+ Kxb4 57. Rb6+ Kc5 58. Rb1
Kxd5 59. Ke1 h3 60. Rb5+ Ke4 61. Rh5 f2+ 62. Kf1 Rd1+ 63. Ke2 Re1#  0-1

[Event "31. DSenEM2018-Gruppe-65"]
[Site "Radebeul"]
[Date "2019.04.27"]
[Round "2.59"]
[White "Werl, Ralf-Dieter"]
[Black "Peter, Volkhard"]
[Result "1-0"]
[BlackElo "1723"]
[BlackTeam "SV Einheit Schwerin"]
[EventDate "2019.??.??"]
[PlyCount "68"]
[WhiteElo "1904"]
[WhiteTeam "SV Motor Hainichen"]

1. e4 e5 2. Nf3 Nf6 3. Nxe5 d6 4. Nf3 Nxe4 5. Nc3 Nxc3 6. dxc3 Be7 7. Bd3 O-O 8.
Be3 Nc6 9. Qd2 d5 10. O-O-O Re8 11. h3 f5 12. Rdg1 Bf6 13. g4 d4 14. cxd4 Nxd4
15. Nxd4 f4 16. Bc4+ Kh8 17. Bxf4 Bxd4 18. Rd1 c5 19. c3 Bf6 20. Qxd8 Rxd8 21.
Rxd8+ Bxd8 22. Re1 Bd7 23. Bd5 Bh4 24. Bxb7 Rf8 25. Bg3 Bg5+ 26. f4 Bxf4+ 27.
Bxf4 Rxf4 28. Rd1 Be8 29. Rd8 Rf1+ 30. Kd2 Rf2+ 31. Ke3 Rf8 32. Bc6 Kg8 33.
Rxe8 Kf7 34. Rxf8+ Kxf8  1-0

[Event "31. DSenEM2018-Gruppe-65"]
[Site "Radebeul"]
[Date "2019.04.27"]
[Round "2.60"]
[White "Jürgens, Peter"]
[Black "Narr, Irmgard"]
[Result "1-0"]
[BlackElo "1708"]
[BlackTeam "SC Mühlhof-Reichelsdorf"]
[EventDate "2019.??.??"]
[PlyCount "99"]
[WhiteElo "1899"]
[WhiteTeam "SC Tempo Göttingen"]

1. d4 Nf6 2. Nf3 e6 3. Bf4 b6 4. e3 Bb7 5. Be2 c5 6. O-O cxd4 7. exd4 Be7 8. h3
O-O 9. Nbd2 Nc6 10. c3 a6 11. a4 h6 12. Re1 d6 13. Bh2 Nh7 14. Bd3 Bg5 15. Ne4
d5 16. Nd6 Qd7 17. Bxh7+ Kxh7 18. Nxg5+ hxg5 19. Qh5+ Kg8 20. Qxg5 f6 21. Qe3
Nd8 22. Nxb7 Qxb7 23. Qd3 Qf7 24. Qg3 Ra7 25. Qd6 Rb7 26. a5 bxa5 27. Qxa6 Rxb2
28. Qxa5 Qg6 29. Bg3 f5 30. Qa3 Rb7 31. Qd6 Rb3 32. Ra8 Qg5 33. Bf4 Qf6 34. Re3
Rb2 35. Rg3 Rb7 36. Bg5 Rb1+ 37. Kh2 Nb7 38. Rxf8+ Qxf8 39. Qxe6+ Qf7 40. Qe5
g6 41. Re3 Na5 42. Qd6 Nc4 43. Qd8+ Kg7 44. Re7 Rb7 45. Rxf7+ Rxf7 46. Qxd5 Nb2
47. c4 Nd3 48. Qf3 Nb4 49. d5 Rd7 50. Qc3+  1-0

[Event "31. DSenEM2018-Gruppe-65"]
[Site "Radebeul"]
[Date "2019.04.27"]
[Round "2.61"]
[White "Ritter, Fred"]
[Black "Niebuhr, Gerd"]
[Result "0-1"]
[BlackElo "1899"]
[BlackTeam "Freibauer Wedemark"]
[EventDate "2019.??.??"]
[PlyCount "66"]
[WhiteElo "1706"]
[WhiteTeam "BSV Chemie Radebeul"]

1. e4 e5 2. Nf3 Nc6 3. Bb5 a6 4. Ba4 Nf6 5. O-O Be7 6. Re1 b5 7. Bb3 d6 8. c3
O-O 9. d4 exd4 10. cxd4 Bg4 11. Nc3 Bxf3 12. gxf3 Na5 13. Bc2 c5 14. d5 Nd7 15.
b3 Bf6 16. Bb2 Be5 17. Kf1 Qf6 18. Re3 b4 19. Qd2 bxc3 20. Bxc3 Bxc3 21. Rxc3
Ne5 22. Bd1 Ng6 23. Rac1 Nf4 24. Be2 Qh6 25. Ke1 Ng2+ 26. Kd1 Qxd2+ 27. Kxd2 f6
28. Kd3 Nf4+ 29. Kd2 Nxe2 30. Kxe2 Rab8 31. R1c2 Rfe8 32. Kd2 Rb4 33. Rc1 f5 
0-1

[Event "31. DSenEM2018-Gruppe-65"]
[Site "Radebeul"]
[Date "2019.04.27"]
[Round "2.62"]
[White "Schmitt, Karl"]
[Black "Nowack, Achim"]
[Result "0-1"]
[Annotator "lenovo"]
[BlackElo "1696"]
[BlackTeam "SK Kaltenkirchen"]
[EventDate "2019.??.??"]
[PlyCount "76"]
[WhiteElo "1884"]
[WhiteTeam "Bergische SF"]

1. d4 c5 2. e3 cxd4 3. exd4 g6 4. Nf3 Bg7 5. Bd3 Nf6 6. O-O O-O 7. h3 b6 8. Bf4
Bb7 9. c3 Nc6 10. Nbd2 Rc8 11. Re1 d6 12. Ne4 Nxe4 13. Bxe4 Qd7 14. Qa4 Qc7 15.
Rad1 a6 16. Ng5 b5 17. Qa3 Nd8 18. d5 h6 { ( = )}  19. Nf3 Qd7 20. Nd2 f5 21.
Bd3 Rc5 22. c4 Nf7 23. b4 Rcc8 24. Qb3 g5 25. Be3 Ne5 26. Bf1 bxc4 27. Nxc4
Nxc4 28. Bxc4 f4 29. Bd4 Bxd4 30. Rxd4 f3 31. Re6 fxg2 32. Rxh6 Qf5 33. Qg3 Rf7
34. Rdh4 Rg7 35. Rg4 Rxc4 36. Rxc4 Qb1+ 37. Kxg2 Bxd5+ 38. f3 Bxc4  0-1

[Event "31. DSenEM2018-Gruppe-65"]
[Site "Radebeul"]
[Date "2019.04.27"]
[Round "2.63"]
[White "Scharff, Jürgen"]
[Black "Gebuhr, Günter"]
[Result "1/2-1/2"]
[BlackElo "1883"]
[BlackTeam "SSV Weimar"]
[EventDate "2019.??.??"]
[PlyCount "75"]
[WhiteElo "1693"]
[WhiteTeam "SV Opladen"]

1. d4 Nf6 2. c4 e6 3. Nc3 Bb4 4. Qc2 Nc6 5. Nf3 O-O 6. Bd2 d6 7. a3 Bxc3 8. Bxc3
Re8 9. e3 e5 10. d5 Ne7 11. e4 Ng6 12. Be2 Nf4 13. O-O a5 14. a4 Bg4 15. Rae1
Qd7 16. Kh1 Nxe2 17. Qxe2 Nh5 18. b3 Nf4 19. Qe3 Qe7 20. Ng1 h5 21. g3 Nh3 22.
f3 Bd7 23. Re2 g5 24. Kg2 Nxg1 25. Rxg1 Kh7 26. Bd2 Rg8 27. h4 f6 28. Kf2 Qg7
29. Ree1 g4 30. f4 exf4 31. gxf4 b6 32. f5 Rae8 33. Qf4 Re7 34. Re3 Rge8 35.
Rd1 Qh6 36. Qxh6+ Kxh6 37. Kg3 Kg7 38. Bc3  1/2-1/2

[Event "31. DSenEM2018-Gruppe-65"]
[Site "Radebeul"]
[Date "2019.04.27"]
[Round "2.64"]
[White "Gafke, Manfred"]
[Black "Baumast, Bernd"]
[Result "1-0"]
[BlackElo "1534"]
[BlackTeam "SV Bad Oldesloe"]
[EventDate "2019.??.??"]
[PlyCount "101"]
[WhiteElo "1765"]
[WhiteTeam "SV Lok Dresden"]

1. d4 e6 2. Bf4 c5 3. dxc5 Bxc5 4. e3 Nf6 5. c3 b6 6. Be2 Bb7 7. Bf3 Bxf3 8.
Nxf3 O-O 9. Nbd2 Nc6 10. Nb3 Be7 11. h3 b5 12. a3 a5 13. O-O Nd5 14. Bg3 b4 15.
axb4 axb4 16. c4 Nb6 17. Qc2 Qc8 18. Rxa8 Qxa8 19. Ra1 Qb7 20. Nbd4 Ra8 21.
Rxa8+ Qxa8 22. b3 Qa1+ 23. Kh2 Nxd4 24. Nxd4 Bf6 25. Qd2 Qc3 26. Qd1 h6 27. Bc7
Nd5 28. Nb5 Be5+ 29. Kh1 Nxc7 30. Nxc3 bxc3 31. b4 d5 32. Qb3 dxc4 33. Qxc4 Nd5
34. Kg1 Bf6 35. Kf1 Nb6 36. Qb3 Nd5 37. Ke2 c2 38. Qxc2 Nxb4 39. Qc8+ Kh7 40.
Qf8 Nd5 41. Qxf7 Nc3+ 42. Kf3 Nd5 43. Qxe6 Ne7 44. Kg4 Ng6 45. f4 Bc3 46. h4
Bf6 47. g3 Nf8 48. Qf7 Ng6 49. Qe6 Nf8 50. Qe4+ g6 51. h5  1-0

[Event "31. DSenEM2018-Gruppe-65"]
[Site "Radebeul"]
[Date "2019.04.27"]
[Round "2.65"]
[White "Bogorad, Michail"]
[Black "Bondick, Karl-Heinz"]
[Result "1-0"]
[Annotator "lenovo"]
[BlackElo "1948"]
[BlackTeam "USC Magdeburg"]
[EventDate "2019.??.??"]
[PlyCount "65"]
[WhiteElo "2104"]
[WhiteTeam "Bahn-SC Wuppertal"]

1. e4 e5 2. Nf3 f5 3. d3 d6 4. c3 Nf6 5. Nbd2 Be7 6. Be2 O-O 7. exf5 Bxf5 8.
Qb3+ Kh8 9. d4 e4 10. Qxb7 Nbd7 11. Ng5 d5 12. Nf1 Nb6 13. Qa6 h6 14. Nh3 Qd7
15. Ng1 Bd6 { ( = )}  16. h3 c5 17. Be3 Rac8 18. Qb5 Qe7 19. Qa5 Rc7 20. Ba6
Nfd7 21. Ne2 cxd4 22. Nxd4 Nc5 23. Nxf5 Rxf5 24. Bd4 Nd3+ 25. Bxd3 exd3+ 26.
Ne3 Nc4 27. Qa6 Bf4 28. O-O Nxe3 29. Qxd3 Qg5 30. fxe3 Qg3 31. Qxf5 Qh2+ 32.
Kf2 Bg3+ 33. Kf3  1-0

[Event "31. DSenEM2018-Gruppe-65"]
[Site "Radebeul"]
[Date "2019.04.27"]
[Round "2.66"]
[White "Fleischer, Martin"]
[Black "Reeh, Axel"]
[Result "1-0"]
[BlackElo "1694"]
[BlackTeam "Bremer SG"]
[EventDate "2019.??.??"]
[PlyCount "105"]
[WhiteElo "1881"]
[WhiteTeam "SV Einheit Schwerin"]

1. e4 c5 2. c3 d6 3. Nf3 Nf6 4. h3 Nxe4 5. Qa4+ Bd7 6. Qxe4 Bc6 7. Qe2 g6 8. Qd1
Bg7 9. a4 Nd7 10. Na3 O-O 11. Bb5 Rb8 12. Bxc6 bxc6 13. O-O Nf6 14. Nc4 Qc7 15.
Qe2 Rbe8 16. d3 e5 17. Be3 Nd5 18. Qd2 f6 19. Bh6 Bxh6 20. Qxh6 Nf4 21. a5 d5
22. Ncd2 Nxd3 23. b3 Nf4 24. Rfe1 e4 25. Nh2 Qe5 26. Ng4 Qf5 27. Qh4 Qg5 28.
Qxg5 fxg5 29. c4 h5 30. Ne3 Nd3 31. Rf1 d4 32. Nc2 e3 33. fxe3 Rxf1+ 34. Nxf1
dxe3 35. Nfxe3 Rb8 36. Rb1 Nf4 37. b4 Ne2+ 38. Kf2 Nc3 39. Rb3 Ne4+ 40. Kf1
cxb4 41. Rxb4 Rc8 42. Rb7 a6 43. Rb6 Nc5 44. Nd4 Re8 45. Rxc6 Rxe3 46. Rxc5 g4
47. hxg4 hxg4 48. Kf2 Rd3 49. Ne2 Rd6 50. Rg5 Rf6+ 51. Kg3 Rc6 52. c5 Kf7 53.
Nf4  1-0

[Event "31. DSenEM2018-Gruppe-65"]
[Site "Radebeul"]
[Date "2019.04.27"]
[Round "2.67"]
[White "Dötzel, Hartwig"]
[Black "Wawrinsky, Ludwig"]
[Result "1-0"]
[BlackElo "1676"]
[BlackTeam "SK Neuperlach"]
[EventDate "2019.??.??"]
[PlyCount "67"]
[WhiteElo "1877"]
[WhiteTeam "USV TU Dresden"]

1. e4 e6 2. d4 b6 3. Nf3 Bb7 4. Bd3 c5 5. c3 d5 6. e5 Nc6 7. a3 f5 8. exf6 Nxf6
9. Qe2 Bc8 10. Bb5 Qc7 11. Ne5 Bd7 12. Nxc6 Kf7 13. Ne5+ Kg8 14. Bxd7 Nxd7 15.
Nxd7 Qxd7 16. Bf4 c4 17. Nd2 h5 18. O-O Re8 19. Nf3 Qf7 20. Qd2 Be7 21. Rae1 h4
22. h3 Rh5 23. Bg5 Bxg5 24. Nxg5 Qf6 25. Re5 Rh6 26. Rfe1 Rh5 27. Qe3 Rf8 28.
Nf3 Rxe5 29. Qxe5 Qxe5 30. Rxe5 Rf4 31. Rxe6 Kf7 32. Ng5+ Kf8 33. Re5 g6 34.
Ne6+  1-0

[Event "31. DSenEM2018-Gruppe-65"]
[Site "Radebeul"]
[Date "2019.04.27"]
[Round "2.68"]
[White "Mortensen, Manfred"]
[Black "Leisen, Peter"]
[Result "0-1"]
[BlackElo "1872"]
[BlackTeam "SV Bönen"]
[EventDate "2019.??.??"]
[PlyCount "129"]
[WhiteElo "1657"]
[WhiteTeam "BSV Chemie Radebeul"]

1. Nf3 d6 2. d4 Nd7 3. c4 Ngf6 4. e3 g6 5. g3 Bg7 6. Bg2 O-O 7. O-O c6 8. Nc3
Qc7 9. Bd2 Nb6 10. b3 Bf5 11. Ne1 Qd7 12. e4 Bh3 13. f3 Bxg2 14. Kxg2 Rfd8 15.
Qc2 Qc7 16. Rc1 Rac8 17. Ne2 Nbd7 18. Bf4 e5 19. Be3 Qa5 20. Bd2 Qa6 21. dxe5
Nxe5 22. Bc3 Nfd7 23. Qb2 Nc5 24. Rd1 Ne6 25. Nf4 Nc7 26. Nh3 Ne8 27. Rf2 b5
28. c5 f6 29. Rfd2 Nf7 30. cxd6 Nfxd6 31. e5 fxe5 32. Bxe5 Qb7 33. Ng5 Qe7 34.
Bxg7 Nxg7 35. h4 Ngf5 36. Re2 Ne3+ 37. Kh3 Qd7+ 38. g4 Nxd1 39. Qc2 Nf7 40. Ne4
Qc7 41. Nf6+ Kg7 42. g5 Qf4 43. Re4 Qd2 44. Ne8+ Kh8 45. Qxd2 Rxd2 46. Re7 Nc3
47. Nf6 Kg7 48. Rxa7 Rxa2 49. Re7 Re2 50. Rxe2 Nxe2 51. Nd3 c5 52. Ne4 c4 53.
bxc4 bxc4 54. Nb4 Nd4 55. Nc3 Nxf3 56. Kg3 N3e5 57. Nbd5 Rb8 58. Kf4 Rb2 59.
Kg3 Rb3 60. Kf4 Nd3+ 61. Ke3 Nb4 62. Kd4 Nxd5 63. Nxd5 Rh3 64. Kxc4 Rxh4+ 65.
Kd3  0-1

[Event "31. DSenEM2018-Gruppe-65"]
[Site "Radebeul"]
[Date "2019.04.27"]
[Round "2.69"]
[White "Görden, Hans-Jürgen"]
[Black "Hoose, Hannelore"]
[Result "1/2-1/2"]
[Annotator "lenovo"]
[BlackElo "1674"]
[BlackTeam "SC Vahr"]
[EventDate "2019.??.??"]
[PlyCount "35"]
[WhiteElo "1863"]
[WhiteTeam "SV Lok Dresden"]

{ [%evp 0,34,19,28,45,29,30,38,55,14,22,11,11,5,12,24,20,7,52,45,41,20,32,0,27,
-33,0,-22,-27,-25,-22,-25,-12,-22,-25,-34,29] } 1. e4 e6 2. d4 d5 3. Nd2 Nd7 4.
exd5 exd5 5. Bd3 Bd6 6. Ngf3 Ne7 7. O-O O-O 8. c4 dxc4 9. Nxc4 Nf6 10. Nxd6
Qxd6 11. Qc2 Ng6 12. Qc5 Rd8 13. Bxg6 hxg6 14. Qxd6 Rxd6 15. Bf4 Rc6 16. Rac1
Rxc1 17. Rxc1 c6 18. Ne5  1/2-1/2

[Event "31. DSenEM2018-Gruppe-65"]
[Site "Radebeul"]
[Date "2019.04.27"]
[Round "2.70"]
[White "Grube, Kurt"]
[Black "Pundt, Wilfried"]
[Result "1/2-1/2"]
[Annotator "lenovo"]
[BlackElo "1861"]
[BlackTeam "SK Bremen-Nord"]
[EventDate "2019.??.??"]
[PlyCount "30"]
[WhiteElo "1594"]
[WhiteTeam "SG Osnabrück"]

1. Nf3 Nf6 2. c4 e6 3. g3 c5 4. Bg2 Nc6 5. O-O Be7 6. d4 d5 7. cxd5 exd5 8. Nc3
O-O 9. Re1 Bg4 10. dxc5 Bxc5 11. Bg5 Be6 12. Qc1 Be7 13. Rd1 Qb6 14. Be3 Qa6
15. Nd4 Rac8 { ( = )}   1/2-1/2

[Event "31. DSenEM2018-Gruppe-65"]
[Site "Radebeul"]
[Date "2019.04.27"]
[Round "2.71"]
[White "Keeve, Martin"]
[Black "Huber, Helmut"]
[Result "1-0"]
[BlackElo "1652"]
[BlackTeam "Brackweder SK"]
[EventDate "2019.??.??"]
[PlyCount "63"]
[WhiteElo "1860"]
[WhiteTeam "USV TU Dresden"]

1. d4 Nf6 2. c4 e6 3. Nc3 Bb4 4. Nf3 O-O 5. Bg5 d5 6. e3 c6 7. Rc1 Nbd7 8. Bd3
Qa5 9. Qb3 dxc4 10. Bxc4 Ne4 11. Bh4 Ndf6 12. Bd3 Bxc3+ 13. bxc3 Qh5 14. Qc2 g5
15. Bxe4 gxh4 16. Ne5 Nxe4 17. Qxe4 f5 18. Qf3 Qg5 19. O-O Kh8 20. Rb1 b6 21.
Rb2 Ba6 22. Rc1 Rac8 23. Rbc2 Rf6 24. Qh3 c5 25. f4 Qg7 26. Qxh4 Bb7 27. Qh3
Rg8 28. g3 Be4 29. Rd2 Rh6 30. Qxh6 Qb7 31. Qf6+ Rg7 32. Qf8+  1-0

[Event "31. DSenEM2018-Gruppe-65"]
[Site "Radebeul"]
[Date "2019.04.27"]
[Round "2.72"]
[White "Klimpel, Siegfried"]
[Black "Rudolph, Karl-Heinz"]
[Result "1-0"]
[Annotator "lenovo"]
[BlackElo "1642"]
[BlackTeam "SV Irxleben"]
[EventDate "2019.??.??"]
[PlyCount "73"]
[WhiteElo "1856"]
[WhiteTeam "TSV Kareth-Lappersdorf"]

1. e4 c5 2. Nf3 a6 3. d4 cxd4 4. Nxd4 Nf6 5. f3 e5 6. Nb3 Nc6 7. Nc3 Bb4 8. Bd2
d6 9. Bd3 Be6 10. a3 Bxc3 11. bxc3 d5 12. Nc5 Bc8 13. exd5 Qxd5 14. Be3 O-O 15.
Rb1 Na5 16. Qe2 b5 17. Rd1 Qc6 18. O-O Nb7 { ( = )}  19. Qf2 Nxc5 20. Bxc5 Re8
21. c4 Nd7 22. Be4 Qxc5 23. Qxc5 Nxc5 24. Bxa8 bxc4 25. Bc6 Rf8 26. Rd5 Ne6 27.
Rfd1 Nd4 28. Rc5 Be6 29. Bb7 Nxc2 30. a4 Nb4 31. a5 f6 32. Rd6 Nd3 33. Rc7 Bf7
34. Rxa6 Be8 35. Bd5+ Bf7 36. Rxf7 Rb8 37. Rb7+  1-0

[Event "31. DSenEM2018-Gruppe-65"]
[Site "Radebeul"]
[Date "2019.04.27"]
[Round "2.73"]
[White "Just, Gabriele"]
[Black "Richter, Stefan"]
[Result "1-0"]
[BlackElo "1631"]
[BlackTeam "SZ Langenberg"]
[EventDate "2019.??.??"]
[PlyCount "111"]
[WhiteElo "1855"]
[WhiteTeam "SG Leipzig"]

1. f4 Nf6 2. Nf3 d6 3. e3 Nc6 4. Bb5 Bd7 5. O-O a6 6. Bxc6 Bxc6 7. d3 Bd7 8. Qe1
e6 9. e4 c6 10. Nbd2 Qb6+ 11. Kh1 Qc7 12. f5 e5 13. a4 a5 14. Nc4 Be7 15. Bg5
h6 16. Qh4 b5 17. Ne3 Qd8 18. Bxf6 Bxf6 19. Qh5 Qe7 20. axb5 Bg5 21. Nxg5 Qxg5
22. Qxg5 hxg5 23. bxc6 Bxc6 24. Nc4 Kd7 25. Nxa5 Rhb8 26. b3 d5 27. exd5 Bxd5
28. Nc4 f6 29. Rxa8 Bxa8 30. Ra1 Kc6 31. Ra5 Bb7 32. Kg1 Bc8 33. g4 g6 34. fxg6
Bxg4 35. Ra6+ Kd5 36. Ne3+ Kd4 37. Nxg4 f5 38. Ra4+ Kd5 39. Ne3+ Ke6 40. Ra6+
Kd7 41. Nxf5 Rf8 42. g7 Rg8 43. Nh6 Rxg7 44. Ra7+ Ke6 45. Rxg7 Kf6 46. Rc7 Kg6
47. Rc6+ Kh5 48. Nf7 Kg4 49. Kf2 Kf5 50. Ke3 g4 51. Nh6+ Kg5 52. Nxg4 Kxg4 53.
Ke4 Kh3 54. Rg6 Kxh2 55. Kf3 Kh1 56. Kf2  1-0

[Event "31. DSenEM2018-Gruppe-65"]
[Site "Radebeul"]
[Date "2019.04.27"]
[Round "2.74"]
[White "Briesemeister, Klaus"]
[Black "Hadlich, Winfried"]
[Result "0-1"]
[BlackElo "1854"]
[BlackTeam "SV Holstein Quickborn"]
[EventDate "2019.??.??"]
[PlyCount "58"]
[WhiteElo "1621"]
[WhiteTeam "SV Lingen"]

1. d4 Nf6 2. c4 c6 3. Nc3 d5 4. e3 e6 5. Bd3 Bd6 6. Bd2 Nbd7 7. c5 Bc7 8. f4 b6
9. b4 a5 10. a3 axb4 11. axb4 Bb7 12. Nf3 O-O 13. O-O Qe7 14. Qc2 h6 15. Ne5
Nxe5 16. fxe5 Nd7 17. e4 f6 18. exd5 cxd5 19. Nxd5 exd5 20. c6 Bxc6 21. Qxc6
Rxa1 22. Qxd5+ Kh8 23. Rxa1 fxe5 24. Qe4 Nf6 25. Qf5 Qd6 26. dxe5 Qd4+ 27. Kh1
Qxa1+ 28. Bb1 Qxe5 29. Qh3 Ng4  0-1